Leisure and recreation management

Bibliographic Details
Main Author: Torkildsen, George
Format: Book
Published: London : E&FN Spon , 1992
Edition:3rd edition
Subjects:

MARC

LEADER 00000cam a2200000 7i4500
001 0000004094
005 20160420.0
020 0 0 |a 9780419167600 
090 0 0 |a 790.069   |b GEO 
100 1 0 |a Torkildsen, George 
245 1 0 |a Leisure and recreation management   |c Geogre Torkildsen 
250 0 0 |a 3rd edition 
260 0 0 |a London :   |b E&FN Spon ,   |c 1992 
300 |a xii, 460 pages :   |b ill. ;   |c 24 cm. 
500 0 0 |a Includes index 
650 0 0 |a Leisure   |x Management 
650 0 0 |a Recreation---Management 
998 |a JPSM 
999 |a 007956   |b Monograph   |c Open Shelf   |e Default branch